000 00336nam a2200157Ia 4500
003 Ost
005 20260225132558.0
008 260225s9999||||xx |||||||||||||| ||und||
040 _cfsic
041 _afre
082 _a361
100 _aguy rocher
_eAuteur
245 0 _al'action sociale /
245 0 _cguy rocher
942 _cكتاب
999 _c34605
_d34605